000 00275nam a22001217a 4500
008 170714b xxu||||| |||| 00| 0 eng d
041 _aeng
080 _a101
100 _a24
101 _aFIL
245 _aYHE SYSTEMS VIEW OF THE WORLD
_cLASZLIO.E
942 _2udc
_cBK
999 _c20830
_d20830